000 00428 a2200181 4500
001 110036
020 _a9788574163352
041 _apor
090 _aAP SK 028 MIC
100 _aMichaelis, Ana.
250 _a. ed.
697 _aLiteratura infantil
856 _u000017/00001735.jpg
040 _aBR-BrIDEA
_cBR-BrIDEA
245 1 0 _aBichos da praia
_c Ana Michaelis
260 _aSão Paulo
_bCallis
_c2009
942 _cBK
999 _c110036
_d110036